KOHA-Header-6

From Saint to Killer Saddam Hussein (Record no. 12022)

000 -LEADER
fixed length control field 00297nam a22001337a 4500
020 ## - INTERNATIONAL STANDARD BOOK NUMBER
ISBN 978-8182746381
082 ## - DEWEY DECIMAL CLASSIFICATION NUMBER
Classification number 956.70
100 ## - MAIN ENTRY--AUTHOR NAME
Personal name Rahul Singbal
245 ## - TITLE STATEMENT
Title From Saint to Killer Saddam Hussein
260 ## - PUBLICATION, DISTRIBUTION, ETC. (IMPRINT)
Place of publication India
Name of publisher Pentagon
Year of publication 2004
300 ## - PHYSICAL DESCRIPTION
Number of Pages 156
650 ## - SUBJECT ADDED ENTRY--TOPICAL TERM
Topical Term History
942 ## - ADDED ENTRY ELEMENTS (KOHA)
Koha item type Books
Holdings
Withdrawn status Lost status Permanent Location Current Location Full call number Accession Number Koha item type
    MAJU MAJU 956.70 Av271 Books

Powered by Koha